000 00554 a2200193 4500
005 20240513145706.0
010 _aB-759014
020 _a8178293986
_c340.00
035 _aB-759014
037 _bGift/Unesco
082 _a300.72
245 _aDoing Educational Research/
_cEdited by- Clive Opie
260 _aNew Delhi
_bVistaar Publication
_c2004
270 _bNew Delhi
300 _a244 p.
_c24cm (Pb)
700 _aOpie, Clive
_966116
942 _adpl
_cEN
_2ddc
_h300.72
_mDOI
999 _c202834
_d202834